Sơ thảo lịch sử Nhà nước và pháp luật Việt Nam

Shranjeno v:
Bibliografske podrobnosti
Glavni avtor: ủy ban khoa học xã hội
Format: Knjiga
Jezik:Undetermined
Izdano: Hà Nội KHXH 1983
Teme:
Oznake: Označite
Brez oznak, prvi označite!
Thư viện lưu trữ: Trung tâm Học liệu Trường Đại học Cần Thơ
LEADER 00535nam a2200169Ia 4500
001 CTU_5994
008 210402s9999 xx 000 0 und d
082 |a 351.597 
082 |b U523 
100 |a ủy ban khoa học xã hội 
245 0 |a Sơ thảo lịch sử Nhà nước và pháp luật Việt Nam 
245 0 |c ủy ban khoa học xã hội 
260 |a Hà Nội 
260 |b KHXH 
260 |c 1983 
650 |a administrative law - vietnam 
980 |a Trung tâm Học liệu Trường Đại học Cần Thơ